| 000 | 01211cam a2200313 i 4500 | ||
|---|---|---|---|
| 999 |
_c200454163 _d72375 |
||
| 003 | TR-AnTOB | ||
| 005 | 20230918165138.0 | ||
| 007 | ta | ||
| 008 | 150307s2019 tu o 000 0 tur d | ||
| 020 | _a9786051364254 | ||
| 040 |
_aTR-AnU _beng _erda _cTR-AnTOB _dTR-AnTOB |
||
| 041 | 0 | _atur | |
| 050 | 4 |
_aDS882 _b.M455 2019 |
|
| 090 |
_aDS882 _b.M455 2019 |
||
| 245 | 0 | 0 |
_aMeiji Japonya'sına 150. yılından bakışlar: seçilmiş makaleler / _cyayına hazırlayan A. Merthan Dündar. |
| 264 | 1 |
_aAnkara : _bAsya-Pasifik Çalışmaları Uygulama ve Araştırma Merkezi, _bAnkara Üniversitesi Yayınları, _c2019. |
|
| 300 |
_a106 pages : _billustrations ; _c22 cm |
||
| 336 |
_atext _btxt _2rdacontent |
||
| 337 |
_aunmediated _bn _2rdamedia |
||
| 338 |
_avolume _bnc _2rdacarrier |
||
| 490 | 0 |
_aAnkara Üniversitesi Yayınları No ; _v633 _aAPAM Yayınları ; _v4 |
|
| 504 | _aBIB | ||
| 651 | 7 |
_aJaponya _xSiyaset ve yönetim _y1867-1912 _2etuturkob _9143247 |
|
| 651 | 7 |
_aJaponya _zTürkiye _xDış ilişkiler _xTarih _2etuturkob _959355 |
|
| 651 | 7 |
_aJaponya _xTarih _yMeiji dönemi, 1868-1912 _2etuturkob _989876 |
|
| 700 | 1 |
_aDündar, Ali Merthan _eeditor _9140055 |
|
| 942 |
_2lcc _cBK |
||